000 00568nam a2200169 4500
005 20250921062524.0
999 _c17779
_d17779
008 221220b ||||| |||| 00| 0 eng d
020 _a9781984637628
082 _22020
_aDC 530
_bT413
245 _aCore concepts in physics :
_bheat, force and motion /
_c3G E-Learning.
260 _aNew York :
_b3G E-Learning,
_c©2020.
300 _avii, 243 pages :
_billustrations ;
_c23 cm.
500 _aIncludes bibliographical references and index.
650 _aPhysical sciences.
_947230
710 _a3G E-Learning.
_933636
942 _2ddc
_cDC